Escuela de medicina / (Registro nro. 30801)
[ vista simple ]
| 000 -LEADER | |
|---|---|
| fixed length control field | 00361nam a22001457a 4500 |
| 003 - CONTROL NUMBER IDENTIFIER | |
| control field | OSt |
| 005 - DATE AND TIME OF LATEST TRANSACTION | |
| control field | 20250715094408.0 |
| 008 - FIXED-LENGTH DATA ELEMENTS--GENERAL INFORMATION | |
| fixed length control field | 240812b |||||||| |||| 00| 0 eng d |
| 020 ## - INTERNATIONAL STANDARD BOOK NUMBER | |
| International Standard Book Number | 9789587013450 |
| 040 ## - CATALOGING SOURCE | |
| Transcribing agency | CO-JMCR |
| 082 ## - DEWEY DECIMAL CLASSIFICATION NUMBER | |
| Classification number | 610.7 |
| Item number | R43e |
| Edition number | 23 |
| 245 ## - TITLE STATEMENT | |
| Title | Escuela de medicina / |
| Remainder of title | Estela Restrepo Zea |
| 300 ## - PHYSICAL DESCRIPTION | |
| Extent | 164 páginas ; |
| Dimensions | 17 cm. |
| 942 ## - ADDED ENTRY ELEMENTS (KOHA) | |
| Source of classification or shelving scheme | Dewey Decimal Classification |
| Koha item type | Books |
| Withdrawn status | Lost status | Source of classification or shelving scheme | Damaged status | Not for loan | Home library | Current library | Shelving location | Date acquired | Total Checkouts | Full call number | Barcode | Date last seen | Date last checked out | Copy number | Price effective from | Koha item type |
|---|---|---|---|---|---|---|---|---|---|---|---|---|---|---|---|---|
| Dewey Decimal Classification | Biblioteca Pública José María del Castillo y Rada | Biblioteca Pública José María del Castillo y Rada | General Stacks | 07/30/2024 | 1 | 610.7 R43e | 201812284 | 04/06/2026 | 04/06/2026 | Ej.1 | 08/12/2024 | Books |